000 00568nam a2200181 4500
001 121961
003 ES-MaACL
005 20250713091413.0
007 t|
008 070214s1971 sp r ||||1| spa d
100 1 _aPoe, Edgar Allan,
_d1809-1849
_9188384
245 1 3 _aEl ajedrecista
_b: ; y otros relatos /
_cEdgar Allan Poe ; selección y traducción Javier Sauras.
260 _aBarcelona :
_bEdisven,
_c1971.
300 _a212 p. ;
_c18 cm.
700 1 _aSauras, Javier.
_9104007
852 _aES-MaACL
_jC-47569
_bR.78698
999 _c121961
_d121961